Normal view
MARC view
Entry Corporate Name
001 - CONTROL NUMBER
- control field: 124302
003 - CONTROL NUMBER IDENTIFIER
- control field: BI-BuBU
005 - DATE AND TIME OF LATEST TRANSACTION
- control field: 20160114153252.0
008 - FIXED-LENGTH DATA ELEMENTS
- fixed length control field: 160114|||a|||||| | ||| d
040 ## - CATALOGING SOURCE
- Original cataloging agency: BI-BuBU
- Transcribing agency: BI-BuBU
110 ## - HEADING--CORPORATE NAME
- Corporate name or jurisdiction name as entry element: Université du Burundi
- Subordinate unit: Faculté des Sciences Economiques et Administratives
670 ## - SOURCE DATA FOUND
- Source citation: Work cat.: (BI-BuBU): aut Matakara Jean-Claude 124298, Analyse de la politique de promotion des investissements au Burundi ( 1980-2012), 2014
670 ## - SOURCE DATA FOUND
- Source citation: Work cat.: (BI-BuBU): aut Matakara Jean-Claude 124298, Analyse de la politique de promotion des investissements au Burundi ( 1980-2012), 2014